000 01130nam a2200373 a 4500
999 _c2312
_d2312
001 017146343
003 UkOxU
005 20230413102410.0
008 070122s2007 enka j 000 0 eng d
015 _aGBA706490
_2bnb
020 _a9780746077641 :
020 _a0746077645 :
035 _a(Uk)013650613
035 _a(UkLCURL)72013650613
038 _aUk
040 _aStDuBDS
_beng
_cStDuBDS
_dUk
_dKH8
042 _aukblsr
049 _lb
082 0 4 _a823.914 DIC
_222
100 1 _aDickins, Rosie.
_eAuthor
240 1 0 _aMonkey King.
_lEnglish
245 1 4 _aThe Monkey King /
_cretold by Rosie Dickins ; illustrated by Germano Ovani ; based on a translation by Evelyn Ong ; reading consultant Alison Kelly.
260 _aLondon :
_bUsborne,
_c2007.
300 _a47 p. :
_bcol. ill. ;
_c20 cm.
490 1 _aUsborne young reading. Series one
500 _aFormerly CIP.
_5Uk
650 _aChildren's stories
650 _aChina
650 _aFiction
_vFolklore
700 1 _aOvani, Germano.
_eIllustrator
700 1 _aKelly, Alison.
830 0 _aUsborne young reading.
_nSeries one
942 _2ddc
_cFIC